No leer : crónicas y ensayos sobre literatura /

I tiakina i:
Ngā taipitopito rārangi puna kōrero
Kaituhi matua: Zambra, Alejandro (autor)
Ētahi atu kaituhi: Braithwaite, Andrés (edición) (edición)
Hōputu: Pukapuka
Reo:Pāniora
I whakaputaina: México : Anagrama, 2018, c2018
Rangatū:(Argumentos ; 520)
Ngā marau:
Ngā Tūtohu: Tāpirihia he Tūtohu
Kāore He Tūtohu, Me noho koe te mea tuatahi ki te tūtohu i tēnei pūkete!

MARC

LEADER 00000nam^a2200000^a^4500
001 000410493
005 20250521000000.0
009 20260310122048.193
020 |a 978-607-527-705-9 
037 |a Acervo ITESO - Biblioteca 
041 |a ESP 
082 |a 868.  |b ZAM 
100 |a Zambra, Alejandro  |e (autor) 
245 1 0 |a No leer :  |b crónicas y ensayos sobre literatura /  |c A. Zambra ; ed de A. Braithwaite. 
264 4 |a México :  |b Anagrama,  |c 2018, c2018 
300 |a 310 p. 
336 |a texto  |b txt  |2 rdacontenido 
337 |a sin mediación  |b n  |2 rdamedio 
338 |a volumen  |b nc  |2 rdasoporte 
440 1 |a (Argumentos ;  |v 520) 
521 |a FIL 2018 DIA 
545 0 |a Alejandro Zambra Infantas (1975) es un escritor y crítico de literatura chileno, radicado en México; sus novelas sobre la ausencia y la modulación se caracterizan por su lenguaje austero, su minimalismo y la confrontación de la narrativa; es notoria asimismo su dinámica del yo, en que el autor, el narrador y el protagonista se establecen implícitamente como una misma persona. Estudió Literatura Hispánica en su natal Chile, luego hizo la maestría en Filología Hispánica en Madrid y se doctoró en Literatura en la Universidad Católica de Chile. Se ha hecho acreedor del premio Altazor en 2012; en 2013 fue galardonado con el Premio Príncipe Claus y fue finalista del Premio Hispanoamericano de Cuento Gabriel García Márquez en 2014. Entre sus obras se encuentran: Bahía inútil (1998); Mudanza (2003); Bonsái (2006); Facsímil (2015); Fantasía (2016); No leer (2010); Vida en familia (2016); Tema libre (2018) y La hierba de los caminos (2018). 
649 |a XX 
650 |a Crónicas Chilenas 
650 |a Ensayos Chilenos 
650 |a Cuentos Chilenos 
650 |a Literatura Chilena -  |y Siglo XXI 
650 |a Literatura -  |x Historia y Crítica -  |x Tema Principal 
650 |a Lectura -  |x Tema Principal 
700 |a Braithwaite, Andrés  |e (edición) 
910 |a Fondo General 
920 |a Impresos - Libros 
930 |a Colección General 
940 |a Literatura 
905 |a 101 
901 |a 0500311281  |b IT1  |c LIT  |i C163967  |u 20250521 
902 |a https://opac.biblio.iteso.mx/vufind/Record/000410493